Statystyki dla Zawodnicy High League

Kliknij tutaj aby rozwiązać quiz!

Ogólne statystyki

  • Ten quiz został rozwiązany 160 razy
    (35 od ostatniego zresetowania)
  • Średni wynik to 62 z 80

Statystyki odpowiedzi

GalaZawodnik% Poprawnych
High League 1,2,4,6Lexy Chaplin
100%
High League 4Amadeusz "Ferrari" Roślik
95%
High League 3,6Marcin Dubiel
95%
High League 1,4,5Natalia "Natsu" Karczmarczyk
95%
High League 2,5Agata "Fagata" Fąk
90%
High League 3,5Alberto Simao
90%
High League 1,3Aniela "Lil Masti" Bogusz
90%
High League 3,5,6Dawid "Crazy" Załęcki
90%
High League 2,3,4,6Denis "Bad Boy" Załęcki
90%
High League 6Denis Labryga
90%
High League 6,7
(Odwołane)
Jacek "Muran" Murański
90%
High League 1,4Jose "Josef Bratan" Simao
90%
High League 3,5,6Mateusz "Don Diego" Kubiszyn
90%
High League 2,4Mateusz "Mini Majk" Krzyżanowski
90%
High League 5Mateusz "Muran" Murański
90%
High League 3,4,5Paweł "Scarface" Bomba
90%
High League 3Alan "Alan Człowieku" Godziński
86%
High League 1Jakub "Carlito" Olewiński
86%
High League 4,5Jakub "Holak" Krawczyk-Holak
86%
High League 1Jakub "Japczan" Piotrowicz
86%
High League 2,6Jarosław "PashaBiceps" Jastrząbkowski
86%
High League 1,2,4Kuba Nowaczkiewicz
86%
High League 1,2Maciej "Big Jack" Jarema
86%
High League 2,5Maciej "Zony" Zoniuk
86%
High League 6Marcin "El Testosteron" Najman
86%
High League 2,7
(Odwołane)
Mariusz "Super Mario Trener" Sobczak
86%
High League 2Norbert "Dis" Gierczak
86%
High League 5,6Paweł "Pablo Tybori, Księżniczka" Tyburski
86%
High League 1Piotr "Bonus BGC" Witczak
86%
High League 2Piotr "Edzio" Bylina
86%
High League 1,3Ewa "Kleo" Brodnicka
81%
High League 1Gabriel "Cesarz Narcyz" Bystrzycki
81%
High League 7
(Odwołane)
Jakub "Kubańczyk" Flas
81%
High League 6Kacper "Ludwiczek" Bociański
81%
High League 3Kamila "Kamiszka" Wybrańczyk
81%
High League 2,4,6Konrad Karwat
81%
High League 7
(Odwołane)
Kornel "Koro" Regel
81%
High League 2,3Mateusz "Tarzan" Leśniak
81%
High League 2Michał "Owca" Owczarzak
81%
High League 7
(Odwołane)
Michał "Wampir" Pasternak
81%
High League 2Piotr "Czuux" Czupryn
81%
High League 3Robert "Hardkorowy Koksu" Burneika
81%
High League 1Adrian "Medusa" Salamon
76%
High League 4Artur "Szpila" Szpilka
76%
High League 6Dariusz "Daro Lew" Kaźmierczuk
76%
High League 3Kamila "Zusje" Smogulecka
76%
High League 1,3Kamil Kossakowski
76%
High League 4Krystian "Macias" Maciaszczyk
76%
High League 1,3Łukasz "Lukas TV" Wdowiak
76%
High League 1Maciej Rataj
76%
High League 6Paulina Hornik
76%
High League 1,3Przemysław "Kolar" Kolarczyk
76%
High League 5Wojciech "Rekordzista" Sobierajski
76%
High League 4Cezary "Czaro" Nykiel
71%
High League 5Kamil "Hassi" Hassan
71%
High League 4,5Maja Staśko
71%
High League 7
(Odwołane)
Piotr "Lizak" Lizakowski
71%
High League 3Robert "Robur" Orzechowski
71%
High League 4Salim Chiboub
71%
High League 6Tomasz "Szalony Reporter" Matysiak
71%
High League 5Damian Janikowski
67%
High League 2Hubert "Dredziasty" Węzka
67%
High League 4Jakub "Kubx" Świtała
67%
High League 5Maria "Masza" Graczykowska
67%
High League 6Michał "Zadymiarz" Cichy
67%
High League 4Radosław Słodkiewicz
67%
High League 6Roger Salla
67%
High League 7
(Odwołane)
Tomasz Sarara
67%
High League 4Ewa "Mrs Honey" Wyszatycka
62%
High League 1
(Odwołane)
Łukasz "Yoczook" Walaszek
62%
High League 6Paweł "Prezes FEN" Jóźwiak
62%
High League 5Przemysław "Sequento" Skulski
62%
High League 5Vaso "Psychopath" Bakočević
62%
High League 2,3Alan "Alanik, Braveheart" Kwieciński
57%
High League 6Mateusz "Haribo" Gąsiewski
57%
High League 1Sebastian "Bunio" Szabunio
57%
High League 5Andrzej "Andrew" Gazda
52%
High League 5Dawid "Diables" Porwisiak
48%
High League 5Paweł "Leh" Lehmann
48%
High League 7
(Odwołane)
Aiden "Likkleman" Henry
19%

Rozkład punktacji

Percentyl według liczby udzielonych odpowiedzi

Procent ludzi z każdym wynikiem

Twoja historia wyników

Nie rozwiązałeś tego quizu od ostatniego zresetowania